Normal view
MARC view
Entry Personal Name
001 - CONTROL NUMBER
- control field: 1239999
003 - CONTROL NUMBER IDENTIFIER
- control field: OSt
005 - DATE AND TIME OF LATEST TRANSACTION
- control field: 20260514122714.0
008 - FIXED-LENGTH DATA ELEMENTS
- fixed length control field: 260514|| aca||aabn | a|a d
040 ## - CATALOGING SOURCE
- Original cataloging agency: OSt
- Transcribing agency: OSt
100 ## - HEADING--PERSONAL NAME
- Personal name: Goyal Dr.Nitin
670 ## - SOURCE DATA FOUND
- Source citation: Work cat.: (OSt)1851645: Goyal Dr.Nitin , Randomized Controlled Trial to Compare the Duration of Motor Block of Intra Thecal Levobupicacine and Fentanyl with Bupivacaine and Fentanyl for Cesarean Section.
